[Event "Titled Tuesday intern op 15th Feb Early"]
[Site "Chess.com INT"]
[Date "2022.02.15"]
[Round "1"]
[White "Bhagwat, Vinod"]
[Black "Levitsky, Andrey"]
[Result "0-1"]
[WhiteElo "2002"]
[BlackElo "2329"]
[PlyCount "44"]
[EventDate "2022.02.15"]
[EventType "swiss (blitz)"]
[EventRounds "11"]
[EventCountry "USA"]
[SourceTitle "CBM 206 Extra"]
[Source "ChessBase"]
[SourceDate "2022.03.31"]
[SourceVersion "1"]
[SourceVersionDate "2022.03.31"]
[SourceQuality "1"]

1. d4 Nf6 2. c4 e6 3. Nc3 Bb4 4. Qc2 Nc6 5. Nf3 d6 6. Bg5 h6 7. Bd2 Qe7 8. e3 e5 9. a3 Bxc3 10. Bxc3 a5 11. Be2 0-0 12. 0-0 Bg4 13. Rfe1 Rfe8 14. d5 Nb8 15. e4 Nbd7 16. b4 Nh5 17. Nd2 Bxe2 18. Rxe2 Nf4 19. Re3 Qg5 20. g3 Nf6 21. Kh1 Nh3 22. Nf3 Qh5 0-1

[Event "Titled Tuesday intern op 15th Feb Early"]
[Site "Chess.com INT"]
[Date "2022.02.15"]
[Round "6"]
[White "Crispin Ferreras, Darvi Abraham"]
[Black "Bhagwat, Vinod"]
[Result "0-1"]
[WhiteElo "2126"]
[BlackElo "2002"]
[PlyCount "75"]
[EventDate "2022.02.15"]
[EventType "swiss (blitz)"]
[EventRounds "11"]
[EventCountry "USA"]
[SourceTitle "CBM 206 Extra"]
[Source "ChessBase"]
[SourceDate "2022.03.31"]
[SourceVersion "1"]
[SourceVersionDate "2022.03.31"]
[SourceQuality "1"]

1. c4 e5 2. Nc3 Nf6 3. g3 Bb4 4. Bg2 Bxc3 5. bxc3 0-0 6. e4 d6 7. Ne2 Nc6 8. 0-0 Be6 9. d3 Qd7 10. Rb1 b6 11. Re1 Bh3 12. Bh1 Rad8 13. d4 Na5 14. Qd3 h6 15. d5 Qa4 16. Rb4 Qxa2 17. Be3 Ng4 18. Bd2 f5 19. Nc1 fxe4 20. Bxe4 Qa3 21. f3 Nf6 22. Bg6 c5 23. dxc6 Nxc6 24. Rb5 Kh8 25. Be3 e4 26. Bxe4 Ne5 27. Rxe5 dxe5 28. Bd5 Be6 29. Qg6 Nxd5 30. cxd5 Rf6 31. Qxf6 gxf6 32. dxe6 Qd6 33. Ne2 Kh7 34. f4 Qxe6 35. fxe5 fxe5 36. Nd4 exd4 37. cxd4 Re8 38. Bf2 0-1

[Event "Titled Tuesday intern op 15th Feb Early"]
[Site "Chess.com INT"]
[Date "2022.02.15"]
[Round "5"]
[White "Hirneise, Jens"]
[Black "Bhagwat, Vinod"]
[Result "1-0"]
[WhiteElo "2327"]
[BlackElo "2002"]
[PlyCount "75"]
[EventDate "2022.02.15"]
[EventType "swiss (blitz)"]
[EventRounds "11"]
[EventCountry "USA"]
[SourceTitle "CBM 206 Extra"]
[Source "ChessBase"]
[SourceDate "2022.03.31"]
[SourceVersion "1"]
[SourceVersionDate "2022.03.31"]
[SourceQuality "1"]

1. d4 Nf6 2. Bg5 Ne4 3. Bf4 d5 4. Nd2 c5 5. Nxe4 dxe4 6. e3 cxd4 7. exd4 Qb6 8. b3 e6 9. c3 Nc6 10. Ne2 Be7 11. Ng3 Qa5 12. Qd2 f5 13. h4 0-0 14. Be2 e5 15. dxe5 Rd8 16. Bc4+ Kh8 17. Qc1 Nxe5 18. Be2 Nd3+ 19. Bxd3 Rxd3 20. 0-0 Qxc3 21. h5 Bf6 22. Rb1 Be6 23. Qa3 Qc6 24. Rfc1 Qd7 25. Rc7 Qd8 26. Rbc1 Rd1+ 27. Kh2 Rxc1 28. Rxc1 h6 29. Qa4 a6 30. Qb4 b5 31. Rc6 Bd5 32. Rd6 Qf8 33. a3 Bg8 34. a4 Be7 35. axb5 Bxd6 36. Bxd6 Qf6 37. b6 Qh4+ 38. Kg1 1-0

[Event "Titled Tuesday intern op 15th Feb Early"]
[Site "Chess.com INT"]
[Date "2022.02.15"]
[Round "10"]
[White "Jakubowska, Anna"]
[Black "Bhagwat, Vinod"]
[Result "1-0"]
[WhiteElo "2127"]
[BlackElo "2002"]
[PlyCount "81"]
[EventDate "2022.02.15"]
[EventType "swiss (blitz)"]
[EventRounds "11"]
[EventCountry "USA"]
[SourceTitle "CBM 206 Extra"]
[Source "ChessBase"]
[SourceDate "2022.03.31"]
[SourceVersion "1"]
[SourceVersionDate "2022.03.31"]
[SourceQuality "1"]

1. e4 e5 2. Nf3 Nc6 3. Bb5 a6 4. Ba4 Nf6 5. 0-0 Be7 6. d3 b5 7. Bb3 0-0 8. a4 Rb8 9. axb5 axb5 10. Bg5 d6 11. h3 Nd7 12. Bxe7 Nxe7 13. Nc3 Nc5 14. Ba2 b4 15. Nd5 b3 16. Nxe7+ Qxe7 17. cxb3 Be6 18. d4 exd4 19. Qxd4 Nxb3 20. Bxb3 c5 21. Qd2 Rxb3 22. Ra6 Bc4 23. Qxd6 Qxd6 24. Rxd6 Bxf1 25. Kxf1 Rxb2 26. Ne5 Re8 27. f4 f6 28. Nd3 Rb1+ 29. Kf2 Rxe4 30. Nxc5 Rxf4+ 31. Ke3 Rc4 32. Ne6 Kf7 33. Nf4 Rb3+ 34. Nd3 Rc2 35. g4 Rh2 36. Ke4 Re2+ 37. Kf3 Re7 38. Kf4 g5+ 39. Kf3 Ke8 40. Kf2 Rd7 41. Rxd7 1-0

[Event "Titled Tuesday intern op 01st Feb-A"]
[Site "Chess.com INT"]
[Date "2022.02.01"]
[Round "9"]
[White "Aketayeva, Dana"]
[Black "Bhagwat, Vinod"]
[Result "1-0"]
[WhiteElo "2130"]
[BlackElo "2002"]
[PlyCount "75"]
[EventDate "2022.02.01"]
[EventType "swiss (blitz)"]
[EventRounds "11"]
[EventCountry "USA"]
[SourceTitle "CBM 206 Extra"]
[Source "ChessBase"]
[SourceDate "2022.03.31"]
[SourceVersion "1"]
[SourceVersionDate "2022.03.31"]
[SourceQuality "1"]

1. d4 Nf6 2. Nf3 g6 3. g3 Bg7 4. Bg2 0-0 5. 0-0 d6 6. c4 Nbd7 7. Nc3 e5 8. dxe5 dxe5 9. Bg5 c6 10. Ne4 Re8 11. Nd6 Rf8 12. Nxc8 Qxc8 13. Bh3 Qc7 14. Qc2 h6 15. Be3 Rfe8 16. Bg2 Ng4 17. Bc1 e4 18. Ne1 e3 19. f3 Ngf6 20. Bh3 h5 21. Ng2 Rad8 22. Bxe3 Rxe3 23. Nxe3 Qb6 24. Qb3 Qc5 25. Rfd1 Re8 26. Kf2 Bh6 27. Rd3 Nb6 28. Qa3 Qe5 29. Re1 h4 30. Qd6 Bxe3+ 31. Kg2 Qxd6 32. Rxd6 Nh5 33. Red1 Nxc4 34. Rd8 Kf8 35. b3 Nd2 36. Rd7 Rb8 37. R1xd2 Bxd2 38. Rxd2 1-0

[Event "Titled Tuesday intern op 01st Feb-A"]
[Site "Chess.com INT"]
[Date "2022.02.01"]
[Round "4"]
[White "Bhagwat, Vinod"]
[Black "Fronda Pascua, Jan Jodilyn"]
[Result "0-1"]
[WhiteElo "2002"]
[BlackElo "2129"]
[PlyCount "54"]
[EventDate "2022.02.01"]
[EventType "swiss (blitz)"]
[EventRounds "11"]
[EventCountry "USA"]
[SourceTitle "CBM 206 Extra"]
[Source "ChessBase"]
[SourceDate "2022.03.31"]
[SourceVersion "1"]
[SourceVersionDate "2022.03.31"]
[SourceQuality "1"]

1. d4 Nf6 2. c4 c5 3. d5 b5 4. cxb5 a6 5. bxa6 Bxa6 6. Nc3 d6 7. Nf3 g6 8. e4 Bxf1 9. Kxf1 Bg7 10. g3 0-0 11. Kg2 Nbd7 12. Re1 Ra6 13. Qe2 Qa8 14. Rb1 Rb8 15. Nd2 e6 16. dxe6 fxe6 17. Kg1 Ne8 18. Nc4 Bxc3 19. bxc3 Rxb1 20. Qg4 Nf8 21. Nd2 Rb7 22. Nf3 Rxa2 23. Bh6 Ra1 24. Rxa1 Qxa1+ 25. Kg2 Ng7 26. Ng5 Qxc3 27. Qf3 Qxf3+ 0-1

[Event "Titled Tuesday intern op 01st Feb-A"]
[Site "Chess.com INT"]
[Date "2022.02.01"]
[Round "2"]
[White "Bhagwat, Vinod"]
[Black "Krylov, Ivan"]
[Result "0-1"]
[WhiteElo "2002"]
[BlackElo "2426"]
[PlyCount "88"]
[EventDate "2022.02.01"]
[EventType "swiss (blitz)"]
[EventRounds "11"]
[EventCountry "USA"]
[SourceTitle "CBM 206 Extra"]
[Source "ChessBase"]
[SourceDate "2022.03.31"]
[SourceVersion "1"]
[SourceVersionDate "2022.03.31"]
[SourceQuality "1"]

1. b3 e5 2. Bb2 Nc6 3. e3 d5 4. Bb5 Bd6 5. Nf3 f6 6. 0-0 Nge7 7. c4 Be6 8. cxd5 Bxd5 9. Nc3 Bf7 10. d4 0-0 11. Bd3 Re8 12. dxe5 Nxe5 13. Nxe5 Bxe5 14. Qc2 Bg6 15. Rad1 Qc8 16. Ne4 Nc6 17. Bxe5 Nxe5 18. f3 Kh8 19. Qc3 Nxd3 20. Rxd3 Re7 21. Rd4 Qe8 22. Rc4 Bxe4 23. fxe4 c6 24. Rf4 Re5 25. Qb4 Qd7 26. Rd4 Qe7 27. Qd2 Re8 28. Rd7 Qe6 29. Rxb7 Rxe4 30. Rf3 h6 31. Rg3 Rxe3 32. Rxe3 Qxe3+ 33. Qxe3 Rxe3 34. Rxa7 Kh7 35. Kf2 Rc3 36. b4 Rc2+ 37. Kf3 Rb2 38. a3 Rb3+ 39. Ke4 Kg6 40. Kd4 Rb2 41. Kc5 Rxg2 42. Kxc6 f5 43. b5 f4 44. b6 Rb2 0-1

[Event "Titled Tuesday intern op 01st Feb-A"]
[Site "Chess.com INT"]
[Date "2022.02.01"]
[Round "11"]
[White "Bhagwat, Vinod"]
[Black "Sahil, Tickoo"]
[Result "0-1"]
[WhiteElo "2002"]
[BlackElo "2201"]
[PlyCount "56"]
[EventDate "2022.02.01"]
[EventType "swiss (blitz)"]
[EventRounds "11"]
[EventCountry "USA"]
[SourceTitle "CBM 206 Extra"]
[Source "ChessBase"]
[SourceDate "2022.03.31"]
[SourceVersion "1"]
[SourceVersionDate "2022.03.31"]
[SourceQuality "1"]

1. d4 Nf6 2. c4 e6 3. Nc3 d5 4. Nf3 Be7 5. Bf4 0-0 6. e3 b6 7. cxd5 Nxd5 8. Nxd5 exd5 9. Bd3 c5 10. 0-0 c4 11. Bc2 Nc6 12. h3 b5 13. e4 Be6 14. Re1 dxe4 15. Bxe4 Bd5 16. a3 Re8 17. Ne5 Nxe5 18. Bxd5 Qxd5 19. Rxe5 Qd7 20. Qe2 Bf6 21. Rxe8+ Rxe8 22. Be5 Bxe5 23. dxe5 Qd4 24. Re1 h6 25. Kh2 Re6 26. g3 a5 27. f4 b4 28. Rd1 Qb6 0-1

[Event "Titled Tuesday intern op 01st Feb-A"]
[Site "Chess.com INT"]
[Date "2022.02.01"]
[Round "7"]
[White "Bhagwat, Vinod"]
[Black "Winkels, Marcel"]
[Result "1-0"]
[WhiteElo "2002"]
[BlackElo "1979"]
[PlyCount "41"]
[EventDate "2022.02.01"]
[EventType "swiss (blitz)"]
[EventRounds "11"]
[EventCountry "USA"]
[SourceTitle "CBM 206 Extra"]
[Source "ChessBase"]
[SourceDate "2022.03.31"]
[SourceVersion "1"]
[SourceVersionDate "2022.03.31"]
[SourceQuality "1"]

1. d4 Nf6 2. c4 c5 3. d5 b5 4. cxb5 a6 5. e3 g6 6. Nc3 Bg7 7. Nf3 0-0 8. Be2 d6 9. a4 Bb7 10. 0-0 axb5 11. Bxb5 e6 12. dxe6 fxe6 13. Ra3 d5 14. e4 d4 15. e5 Ng4 16. Ng5 dxc3 17. Qxg4 cxb2 18. Qxe6+ Kh8 19. Rh3 Bh6 20. Rxh6 Kg7 21. Rxh7# 1-0

[Event "Titled Tuesday intern op 01st Feb-A"]
[Site "Chess.com INT"]
[Date "2022.02.01"]
[Round "8"]
[White "Kostiukov, Alexandr"]
[Black "Bhagwat, Vinod"]
[Result "1-0"]
[WhiteElo "2271"]
[BlackElo "2002"]
[PlyCount "69"]
[EventDate "2022.02.01"]
[EventType "swiss (blitz)"]
[EventRounds "11"]
[EventCountry "USA"]
[SourceTitle "CBM 206 Extra"]
[Source "ChessBase"]
[SourceDate "2022.03.31"]
[SourceVersion "1"]
[SourceVersionDate "2022.03.31"]
[SourceQuality "1"]

1. g3 Nf6 2. Bg2 d5 3. d3 c6 4. e4 dxe4 5. dxe4 Qxd1+ 6. Kxd1 Bg4+ 7. f3 Bh5 8. Be3 e6 9. Nd2 Nbd7 10. h4 h6 11. Nh3 Bd6 12. Nf4 Bc5 13. Ke2 e5 14. Nd3 Bxe3 15. Kxe3 0-0 16. Nc4 Rfe8 17. Rhd1 b5 18. Na5 Rac8 19. Bh3 Rc7 20. a4 a6 21. Nb4 Nb8 22. Rd6 c5 23. Nxa6 Nxa6 24. Rxa6 bxa4 25. Rxa4 Rd8 26. g4 Bg6 27. h5 Bh7 28. Nc4 Kf8 29. Ra8 Rxa8 30. Rxa8+ Ke7 31. Nxe5 Rb7 32. b3 Ne8 33. Nc6+ Kd6 34. Rxe8 Kxc6 35. Rh8 1-0

[Event "Titled Tuesday intern op 28th Apr"]
[Site "Chess.com INT"]
[Date "2020.04.28"]
[Round "5"]
[White "Bhagwat, Vinod"]
[Black "Khlichkova, Tatiana"]
[Result "0-1"]
[WhiteElo "2002"]
[BlackElo "2270"]
[PlyCount "58"]
[EventDate "2020.04.28"]
[EventType "swiss (blitz)"]
[EventRounds "10"]
[EventCountry "USA"]
[SourceTitle "EXT 2021"]
[Source "ChessBase"]
[SourceDate "2020.10.23"]
[SourceVersion "1"]
[SourceVersionDate "2020.10.23"]
[SourceQuality "1"]

1. d4 e6 2. c4 b6 3. Nc3 Bb4 4. e4 Bb7 5. Bd3 f5 6. d5 Nf6 7. exf5 0-0 8. Nf3 exf5 9. 0-0 Bxc3 10. bxc3 Ne4 11. Qc2 Nd6 12. Bf4 Qf6 13. Be5 Qg6 14. Bxd6 Qxd6 15. Bxf5 g6 16. Bd3 Na6 17. Rfe1 Nc5 18. Nd4 Rf6 19. Re3 Raf8 20. f3 c6 21. dxc6 Bxc6 22. Rae1 Qf4 23. Nxc6 dxc6 24. Re7 Qg5 25. Kh1 Rd6 26. Bf1 Rd2 27. Qc1 Nd3 28. f4 Qxe7 29. Qxd2 Nxe1 0-1

[Event "Titled Tuesday intern op 28th Apr"]
[Site "Chess.com INT"]
[Date "2020.04.28"]
[Round "8"]
[White "Craig, Gory"]
[Black "Bhagwat, Vinod"]
[Result "0-1"]
[WhiteElo "2056"]
[BlackElo "2002"]
[PlyCount "64"]
[EventDate "2020.04.28"]
[EventType "swiss (blitz)"]
[EventRounds "10"]
[EventCountry "USA"]
[SourceTitle "EXT 2021"]
[Source "ChessBase"]
[SourceDate "2020.10.23"]
[SourceVersion "1"]
[SourceVersionDate "2020.10.23"]
[SourceQuality "1"]

1. e4 e5 2. Nc3 Nf6 3. g3 Bc5 4. Bg2 d6 5. Nge2 Nc6 6. 0-0 0-0 7. Na4 Bb6 8. d3 Bg4 9. h3 Bd7 10. Kh2 Qe7 11. f4 exf4 12. Nxf4 Ne5 13. Nxb6 axb6 14. Nh5 Nxh5 15. Qxh5 Ra5 16. Qe2 Ng6 17. Bd2 Raa8 18. a3 f6 19. Rae1 Rae8 20. d4 Kh8 21. Qc4 c6 22. Bb4 b5 23. Qb3 Be6 24. d5 Bg8 25. a4 c5 26. Bd2 b4 27. Qc4 Ne5 28. Qb5 Bf7 29. b3 Bg6 30. Qe2 f5 31. exf5 Bxf5 32. Qf2 Qd7 0-1

[Event "Titled Tuesday intern op 28th Apr"]
[Site "Chess.com INT"]
[Date "2020.04.28"]
[Round "1"]
[White "Wagh, Suyog"]
[Black "Bhagwat, Vinod"]
[Result "1-0"]
[WhiteElo "2245"]
[BlackElo "2002"]
[PlyCount "57"]
[EventDate "2020.04.28"]
[EventType "swiss (blitz)"]
[EventRounds "10"]
[EventCountry "USA"]
[SourceTitle "EXT 2021"]
[Source "ChessBase"]
[SourceDate "2020.10.23"]
[SourceVersion "1"]
[SourceVersionDate "2020.10.23"]
[SourceQuality "1"]

1. d4 Nf6 2. c4 e6 3. Nf3 Bb4+ 4. Bd2 Bxd2+ 5. Nbxd2 d5 6. e3 0-0 7. Bd3 b6 8. 0-0 Bb7 9. Rc1 dxc4 10. Nxc4 Nbd7 11. b4 Qe7 12. b5 c5 13. bxc6 Bxc6 14. Nfe5 Bd5 15. Qa4 Rfc8 16. Qa6 Rc7 17. Nxd7 Qxd7 18. Ne5 Qc8 19. Qa3 Qb7 20. Ba6 Qb8 21. Rxc7 Qxc7 22. Rc1 Qd8 23. f3 Nd7 24. e4 Nxe5 25. dxe5 Bxa2 26. Qxa2 Qd4+ 27. Kh1 Qxe5 28. Qc4 h6 29. Qc7 1-0

[Event "Udaipur Lakecity blitz op 1st"]
[Site "Udaipur"]
[Date "2019.09.16"]
[Round "7"]
[White "Bhagwat, Vinod"]
[Black "Kiran, Manisha Mohanty"]
[Result "1-0"]
[WhiteElo "2146"]
[BlackElo "2152"]
[PlyCount "93"]
[EventDate "2019.09.16"]
[EventType "swiss (blitz)"]
[EventRounds "9"]
[EventCountry "IND"]
[SourceTitle "EXT 2020"]
[Source "ChessBase"]
[SourceDate "2019.10.17"]
[SourceVersion "1"]
[SourceVersionDate "2019.10.17"]
[SourceQuality "1"]

1. d4 Nf6 2. c4 g6 3. Nc3 d5 4. Bg5 Ne4 5. h4 h6 6. Bf4 Nxc3 7. bxc3 dxc4 8. e3 Bg7 9. Bxc4 c5 10. Bb5+ Nd7 11. Ne2 0-0 12. 0-0 Qa5 13. Qb3 e5 14. Bxd7 Bxd7 15. Bxe5 cxd4 16. Bxg7 Kxg7 17. cxd4 Bb5 18. Rfe1 Rac8 19. Nf4 Qa6 20. Qd5 Bc4 21. Qe5+ Kg8 22. d5 Rfe8 23. Qd4 Qd6 24. Rec1 b5 25. Qxa7 g5 26. hxg5 hxg5 27. Nh5 Qg6 28. Ng3 Bxd5 29. Qd4 Bc4 30. e4 Rcd8 31. Qc3 Rd3 32. Qb2 Qb6 33. Nf5 Qg6 34. Re1 f6 35. a4 Rb3 36. Qd4 Rd3 37. Qc5 Re5 38. Qxe5 fxe5 39. Ne7+ Kf7 40. Nxg6 Kxg6 41. a5 b4 42. a6 Rd8 43. a7 Ra8 44. Rec1 Be6 45. Rc6 Kf7 46. Rb6 b3 47. Rb8 1-0

[Event "Udaipur Lakecity blitz op 1st"]
[Site "Udaipur"]
[Date "2019.09.16"]
[Round "6"]
[White "Swayham, P Das"]
[Black "Bhagwat, Vinod"]
[Result "0-1"]
[WhiteElo "1339"]
[BlackElo "2146"]
[PlyCount "90"]
[EventDate "2019.09.16"]
[EventType "swiss (blitz)"]
[EventRounds "9"]
[EventCountry "IND"]
[SourceTitle "EXT 2020"]
[Source "ChessBase"]
[SourceDate "2019.10.17"]
[SourceVersion "1"]
[SourceVersionDate "2019.10.17"]
[SourceQuality "1"]

1. e4 c6 2. d4 d5 3. exd5 cxd5 4. Bd3 Nc6 5. c3 Qc7 6. Be3 Nf6 7. Ne2 Bg4 8. f3 Bh5 9. Bf4 Qc8 10. 0-0 e6 11. Nd2 Be7 12. Nb3 Bg6 13. Qd2 0-0 14. Rac1 Bxd3 15. Qxd3 Qd7 16. Be5 b6 17. Ng3 Rac8 18. Rfd1 Qb7 19. Bf4 b5 20. Re1 Rfe8 21. Kh1 Qb6 22. Qd2 a5 23. Qe2 b4 24. c4 Nxd4 25. Qf2 Bc5 26. Nxc5 Qxc5 27. cxd5 Qxd5 28. Rcd1 e5 29. Be3 Qxa2 30. Bxd4 exd4 31. Rxe8+ Rxe8 32. Qxd4 h6 33. Nf5 Qe6 34. Ng3 Qe1+ 35. Rxe1 Rxe1+ 36. Qg1 Rxg1+ 37. Kxg1 a4 38. Ne2 Nd5 39. Nc1 f5 40. Kf2 Kf7 41. Ke2 Ke6 42. Kd2 Ke5 43. g3 a3 44. bxa3 bxa3 45. Na2 Kd4 0-1

[Event "Udaipur Lakecity rapid op 1st"]
[Site "Udaipur"]
[Date "2019.09.15"]
[Round "8"]
[White "Bhagwat, Vinod"]
[Black "Sanchit, Anand"]
[Result "1/2-1/2"]
[WhiteElo "2012"]
[BlackElo "1882"]
[PlyCount "84"]
[EventDate "2019.09.14"]
[EventType "swiss (rapid)"]
[EventRounds "9"]
[EventCountry "IND"]
[SourceTitle "EXT 2020"]
[Source "ChessBase"]
[SourceDate "2019.10.17"]
[SourceVersion "1"]
[SourceVersionDate "2019.10.17"]
[SourceQuality "1"]

1. d4 Nf6 2. c4 e6 3. Nc3 d5 4. Nf3 Be7 5. Bf4 0-0 6. e3 b6 7. Bd3 dxc4 8. Bxc4 Bb7 9. Qe2 Nbd7 10. 0-0 Nh5 11. Be5 Nxe5 12. dxe5 g6 13. Rad1 Qc8 14. Nd4 a6 15. a4 c5 16. Nc2 Qc6 17. f4 Ng7 18. e4 Rfd8 19. Ne3 Rd4 20. f5 Bf8 21. fxe6 fxe6 22. Rf6 Rxd1+ 23. Qxd1 Be7 24. Rf3 Rf8 25. Ned5 Bd8 26. Rxf8+ Kxf8 27. Nf6 Bxf6 28. exf6 Ne8 29. Qf1 Qd6 30. Kh1 Kf7 31. Bxa6 Bxa6 32. Qxa6 Nxf6 33. Qe2 Qf4 34. g3 Qe5 35. Kg2 Kg7 36. Qd3 h5 37. Qd8 Nxe4 38. Qe7+ Kg8 39. Qe8+ Kg7 40. Qe7+ Kg8 41. Qe8+ Kg7 42. Qe7+ Kg8 1/2-1/2

[Event "IND-ch 56th"]
[Site "Jammu"]
[Date "2018.12.11"]
[Round "5"]
[White "Sammed Jaykumar, Shete"]
[Black "Bhagwat, Vinod"]
[Result "1-0"]
[WhiteElo "2378"]
[BlackElo "2067"]
[PlyCount "95"]
[EventDate "2018.12.08"]
[EventType "swiss"]
[EventRounds "13"]
[EventCountry "IND"]
[SourceTitle "CBM 187 Extra"]
[Source "ChessBase"]
[SourceDate "2018.11.04"]
[SourceVersion "1"]
[SourceVersionDate "2018.11.04"]
[SourceQuality "1"]

1. e4 e5 2. Nf3 Nc6 3. Bc4 Nf6 4. d3 Be7 5. 0-0 0-0 6. Re1 d6 7. a4 Na5 8. Ba2 c5 9. c3 Nc6 10. Na3 h6 11. Bd2 a6 12. h3 Rb8 13. Nc2 Re8 14. Ne3 Bf8 15. Nh2 Be6 16. Qf3 Bxa2 17. Rxa2 Re6 18. Nhg4 Nh7 19. Nd5 b5 20. axb5 axb5 21. Ra6 Qc8 22. Rea1 b4 23. Nge3 bxc3 24. bxc3 Rb1+ 25. Rxb1 Qxa6 26. Nc4 Qc8 27. Rb6 Nd8 28. Qd1 Rg6 29. Kh2 Ng5 30. Bxg5 hxg5 31. Qa4 g4 32. Qe8 Re6 33. Nxd6 Qa8 34. Qd7 Rxd6 35. Rxd6 Bxd6 36. Qxd6 gxh3 37. Ne7+ Kh7 38. Qxe5 g6 39. Kxh3 Qa6 40. Qd5 Ne6 41. g3 Qa1 42. Kg2 Qxc3 43. Qd7 Kg7 44. Nc8 Ng5 45. Qe7 Kh6 46. Qf8+ Kh7 47. Qd8 Kh6 48. Nd6 1-0

[Event "Thane ARMS op 1st"]
[Site "Thane"]
[Date "2018.04.22"]
[Round "8"]
[White "Bhagwat, Vinod"]
[Black "Gokhale, Rishabh Chandrashek"]
[Result "1-0"]
[WhiteElo "2026"]
[BlackElo "1326"]
[PlyCount "39"]
[EventDate "2018.04.21"]
[EventType "swiss (rapid)"]
[EventRounds "9"]
[EventCountry "IND"]
[SourceTitle "CBM 184 Extra"]
[Source "ChessBase"]
[SourceDate "2018.06.28"]
[SourceVersion "1"]
[SourceVersionDate "2018.06.28"]
[SourceQuality "1"]

1. Nf3 Nf6 2. d4 g6 3. c4 Bg7 4. Nc3 0-0 5. e4 d6 6. h3 Nbd7 7. Bg5 h6 8. Be3 e5 9. d5 Nh5 10. g3 Nhf6 11. g4 Ne8 12. Qd2 Kh7 13. Bd3 a5 14. 0-0-0 a4 15. Bc2 a3 16. b3 Nc5 17. Rdg1 c6 18. dxc6 bxc6 19. Bxc5 dxc5 20. Qxd8 1-0

[Event "Abu Dhabi op 24th"]
[Site "Abu Dhabi"]
[Date "2017.08.16"]
[Round "3"]
[White "Ayyad, Husain Abdulgalil"]
[Black "Bhagwat, Vinod"]
[Result "1-0"]
[WhiteElo "2208"]
[BlackElo "2109"]
[PlyCount "90"]
[EventDate "2017.08.14"]
[EventType "swiss"]
[EventRounds "9"]
[EventCountry "UAE"]
[SourceTitle "CBM 180 Extra"]
[Source "ChessBase"]
[SourceDate "2017.10.06"]
[SourceVersion "1"]
[SourceVersionDate "2017.10.06"]
[SourceQuality "1"]

1. e4 c6 2. d4 d5 3. exd5 cxd5 4. Bd3 Nc6 5. c3 Nf6 6. h3 g6 7. Nf3 Bg7 8. 0-0 Bf5 9. Bxf5 gxf5 10. Bf4 e6 11. Ne5 0-0 12. Nd2 Kh8 13. Nxc6 bxc6 14. Nb3 Nd7 15. Re1 Rg8 16. Qh5 Qf6 17. Na5 Rac8 18. Nb7 Qg6 19. Qxg6 hxg6 20. Nd6 Rcf8 21. a4 Kh7 22. Ra3 c5 23. dxc5 Nxc5 24. Rd1 a6 25. b4 Nd7 26. b5 a5 27. c4 d4 28. Bd2 Be5 29. Nb7 Ra8 30. Nxa5 Bd6 31. Ra2 Nb6 32. Rc1 Rgc8 33. Nc6 Rxa4 34. Rxa4 Nxa4 35. Nxd4 Nb2 36. Nc6 Bc5 37. Be3 Nd3 38. Rc3 Bxe3 39. Rxd3 Bc5 40. Rd7 Kg7 41. Ne5 Kf6 42. Nxf7 Bb6 43. g4 fxg4 44. hxg4 Rc7 45. g5+ Kf5 1-0

[Event "Abu Dhabi op 24th"]
[Site "Abu Dhabi"]
[Date "2017.08.14"]
[Round "1"]
[White "Iniyan, Panneerseluam"]
[Black "Bhagwat, Vinod"]
[Result "1-0"]
[WhiteElo "2404"]
[BlackElo "2109"]
[PlyCount "88"]
[EventDate "2017.08.14"]
[EventType "swiss"]
[EventRounds "9"]
[EventCountry "UAE"]
[SourceTitle "CBM 180 Extra"]
[Source "ChessBase"]
[SourceDate "2017.10.06"]
[SourceVersion "1"]
[SourceVersionDate "2017.10.06"]
[SourceQuality "1"]

1. d4 Nf6 2. Nf3 e6 3. g3 d5 4. Bg2 Be7 5. 0-0 0-0 6. b3 b6 7. Bb2 Bb7 8. Nbd2 c5 9. e3 Nc6 10. c3 cxd4 11. exd4 Rc8 12. Qe2 Re8 13. Rac1 Bf8 14. Ne5 Rc7 15. f4 Ne7 16. Rfe1 Nc8 17. c4 dxc4 18. Bxb7 c3 19. Bc6 cxb2 20. Rcd1 Ree7 21. Nb1 Qd6 22. Bf3 Rc1 23. Qxb2 Rxd1 24. Rxd1 Rc7 25. Nc3 a6 26. Kh1 Qa3 27. Qxa3 Bxa3 28. Na4 Bf8 29. Be2 Ne4 30. Kg1 b5 31. Bf3 bxa4 32. Bxe4 axb3 33. axb3 Nd6 34. Bg2 Nb5 35. Nc6 Rd7 36. Kf2 Nc3 37. Ra1 Rb7 38. Na5 Rb8 39. Bf1 Rb6 40. Rc1 Bb4 41. Nc4 Rb8 42. Ne5 a5 43. Bc4 g6 44. g4 Rb7 1-0

[Event "IND-chT 35th"]
[Site "Goa"]
[Date "2015.02.21"]
[Round "3"]
[White "Bhagwat, Vinod"]
[Black "Roy Chowdhury, Saptarshi"]
[Result "1/2-1/2"]
[WhiteElo "2183"]
[BlackElo "2426"]
[PlyCount "40"]
[EventDate "2015.02.20"]
[EventType "team-swiss"]
[EventRounds "9"]
[EventCountry "IND"]
[SourceTitle "CBM 165 Extra"]
[Source "ChessBase"]
[SourceDate "2015.04.21"]
[SourceVersion "1"]
[SourceVersionDate "2015.04.21"]
[SourceQuality "1"]
[WhiteTeam "Maharashtra"]
[BlackTeam "Railway Sports II"]
[WhiteTeamCountry "IND"]
[BlackTeamCountry "IND"]

1. Nf3 d5 2. d4 e6 3. c4 Nf6 4. Nc3 Be7 5. Bf4 0-0 6. e3 dxc4 7. Bxc4 a6 8. 0-0 b5 9. Bd3 Bb7 10. Rc1 Nbd7 11. a3 c5 12. dxc5 Nxc5 13. Bb1 Rc8 14. Nd4 Qb6 15. b4 Nce4 16. Nxe4 Bxe4 17. Bxe4 Nxe4 18. Qd3 Nf6 19. Rc2 Nd5 20. Be5 Rxc2 1/2-1/2

[Event "Manila Campomanes Memorial op"]
[Site "Manila"]
[Date "2010.08.29"]
[Round "2"]
[White "Garma, Chito"]
[Black "Bhagwat, Vinod"]
[Result "0-1"]
[WhiteElo "2341"]
[BlackElo "2175"]
[PlyCount "94"]
[EventDate "2010.08.28"]
[EventType "swiss"]
[EventRounds "9"]
[EventCountry "PHI"]
[SourceTitle "CBM 138 Extra"]
[Source "ChessBase"]
[SourceDate "2010.10.29"]
[SourceVersion "1"]
[SourceVersionDate "2010.10.29"]
[SourceQuality "1"]

1. e4 d6 2. d4 Nf6 3. Nc3 e5 4. Nf3 Nbd7 5. Bc4 Be7 6. 0-0 0-0 7. dxe5 dxe5 8. Qe2 c6 9. Rd1 Qc7 10. Bg5 h6 11. Bh4 b5 12. Bb3 Nc5 13. Bg3 Bg4 14. Qe3 Bxf3 15. gxf3 Nfd7 16. f4 Nxb3 17. axb3 f6 18. Qf3 Rad8 19. Qg4 Kh8 20. Rd3 b4 21. Na4 f5 22. Qf3 Nf6 23. Rxd8 Qxd8 24. fxe5 Nxe4 25. Rd1 Qe8 26. Qe3 Qh5 27. Rd7 Bg5 28. f4 Rd8 29. Rd3 Be7 30. Kg2 Rd5 31. Qf3 Qxf3+ 32. Kxf3 Rxd3+ 33. cxd3 Nd2+ 34. Ke3 Nxb3 35. Bf2 c5 36. d4 cxd4+ 37. Kd3 g5 38. Kc4 Nd2+ 39. Kxd4 gxf4 40. Kd5 Ne4 41. Ke6 Nxf2 42. Kxe7 Ne4 43. Kf8 f3 44. e6 f2 45. e7 Nd6 46. Nc5 f1Q 47. Nb7 Qc4 0-1